| 000 | 00000cam 2200000zi 4500 |
| 001 | 9.961542 |
| 003 | CaOODSP |
| 005 | 20260604110120 |
| 006 | m o d f |
| 007 | cr cn |||||||| |
| 008 | 260331e202605##onca ob f000 0 eng d |
| 020 | |a9780660993430 |
| 040 | |aCaOODSP|beng|erda|cCaOODSP |
| 043 | |an-cn--- |
| 086 | 1 |aH134-25/2026E-PDF |
| 245 | 00|aHow to read and understand a cannabis product label. |
| 264 | 1|aOttawa, Ontario : |bGovernment of Canada = Gouvernment du Canada, |cMay 2026. |
| 264 | 4|c©2026 |
| 300 | |a1 online resource (8 pages) : |billustrations |
| 336 | |atext|btxt|2rdacontent |
| 337 | |acomputer|bc|2rdamedia |
| 338 | |aonline resource|bcr|2rdacarrier |
| 490 | 1 |aCannabis resource series |
| 500 | |aIssued also in French under title: Comment lire et comprendre l'étiquette des produits de cannabis. |
| 504 | |aIncludes bibliographical references (page 8). |
| 650 | 0|aCannabis|xLabeling|zCanada. |
| 710 | 1 |aCanada. |bHealth Canada, |eissuing body. |
| 775 | 08|tComment lire et comprendre l'étiquette des produits de cannabis.|w(CaOODSP)9.961543 |
| 830 | #0|aCannabis resource series.|w(CaOODSP)9.919171 |
| 856 | 40|qPDF|s4.39 MB|uhttps://publications.gc.ca/collections/collection_2026/sc-hc/H134-25-2026-eng.pdf |
| 856 | 4 |qHTML|sN/A|uhttps://www.canada.ca/en/health-canada/services/drugs-medication/cannabis/personal-use/how-read-understand-cannabis-product-label.html |
| 986 | |a250503 |